000 00396nam a22001457a 4500
020 _a9789332545496
040 _cNUST
082 _a621.381521
_bFCO
100 _aFloyd Thomas L.
_910192
245 _aElectronic Devices
_bConventional Current Version
250 _a9th Edition
260 _aDehli:
_c2015.
_bPearson India Education,
650 _aElectronic Devices
_958176
942 _2ddc
_cBK
999 _c610231
_d610231